Prečo sa trápiť so zisťovaním úrovne celkovej produktivity

Výklad pojmu produktivita, akú úlohu môže zohrať v podniku a ako ju môžeme určiť. Vyjadrenie produktivity - pomer dosiahnutých výstupov ku vloženým vstupom.

Gespeichert in:
Bibliographische Detailangaben
1. Verfasser: Hromada, Juraj
Weitere Verfasser: Kortišová, Martina
Format: Buchkapitel
Sprache:Slowakisch
Schlagworte:
Tags: Tag hinzufügen
Keine Tags, Fügen Sie das erste Tag hinzu!

MARC

LEADER 00000naa a2200000 4500
001 r043521
005 20231002121056.4
041 0 |a slo 
044 |a SK 
245 1 0 |a Prečo sa trápiť so zisťovaním úrovne celkovej produktivity  |c Juraj Hromada, Martina Kortišová 
520 |a Výklad pojmu produktivita, akú úlohu môže zohrať v podniku a ako ju môžeme určiť. Vyjadrenie produktivity - pomer dosiahnutých výstupov ku vloženým vstupom. 
610 2 0 |a produktivita 
610 2 0 |a pojmy 
610 2 0 |a vstupy 
610 2 0 |a výstupy 
610 2 0 |a efektívnosť 
610 2 0 |a znižovanie nákladov 
610 2 0 |a hodnotenie práce 
610 2 0 |a výkony podnikové 
100 1 |a Hromada, Juraj 
700 1 |a Kortišová, Martina